Foundations of education.

Tallennettuna:
Bibliografiset tiedot
Päätekijä: Stone, James C. (autor)
Muut tekijät: Schneider, Frederick W. (autor) (autor)
Aineistotyyppi: Kirja
Kieli:englanti
Sarja:(Commitment to teaching)
Aiheet:
Tagit: Lisää tagi
Ei tageja, Lisää ensimmäinen tagi!

MARC

LEADER 00000cam^a2200000uu^4500
001 000474355
005 20250521000000.0
008 050901s1971^^^^^^^^^^^^rd^r^^000^0^eng^d
009 20260310124736.985
022 |a 069020197 
035 |a FCE 000017215 
035 |a FCE 016693 
037 |a Acervo ITESO - Biblioteca 
041 |a eng 
082 0 4 |a 370.1934  |b STOf V.1 
100 |a Stone, James C.  |e (autor) 
245 1 0 |a Foundations of education. 
264 |a Estados Unidos :  |b Thomas & Crowell Company,  |c 1971. 
300 |a 377 p. 
336 |a texto  |b txt  |2 rdacontenido 
337 |a sin mediación  |b n  |2 rdamedio 
338 |a volumen  |b nc  |2 rdasoporte 
440 0 |a (Commitment to teaching) 
649 |a XX 
650 |a Docentes 
650 |a Financiamiento educativo 
650 |a Teoría 
650 |a Desarrollo de la educación 
650 |a Educación y cultura 
650 |a Objetivo educativo 
650 |a Problemas educativos 
650 |a Alumno 
650 |a Calidad de la educación 
650 |a Estados Unidos 
700 |a Schneider, Frederick W.  |e (autor) 
910 |a Fondo Centro de Estudios Educativos 
920 |a Impresos - Libros 
930 |a Fondos Especiales 
905 |a 133 
901 |a ALE016693  |b IT2  |c CEE  |u 20250521 
902 |a https://opac.biblio.iteso.mx/vufind/Record/000474355